Treasures of Islamic Art From The Nasser D Khalili Collection

Saved in:

Other Authors: Nahla Nassar, Azra L Ahmed

Format: Book

Language: Undetermined

Published: London Islamic Arts Foundation 1993

Series: Arts & The Islamic World, No.22 Special Issue

Tags: Add Tag

No Tags, Be the first to tag this record!

Call Number:

LEADER 00394nam a2200121Ia 4500
008 240503s9999||||xx |||||||||||||| ||und||
245 1 0 |a Treasures of Islamic Art From The Nasser D Khalili Collection  
264 1 |a London  |b Islamic Arts Foundation   |c 1993 
300 |a 77  |c 30 
490 0 |a Arts & The Islamic World, No.22 Special Issue 
700 1 |a Nahla Nassar, Azra L Ahmed 
942 |2 lcc  |c BK 
999 |c 58363  |d 58363